| 000 | 00415nam a22001697a 4500 | ||
|---|---|---|---|
| 003 | NUST - PNEC | ||
| 005 | 20170116180836.0 | ||
| 008 | 150810b xxu||||| |||| 00| 0 eng d | ||
| 020 | _a1842000233 | ||
| 040 | _cLIBRARY | ||
| 082 | _a297.265 YAH | ||
| 100 |
_95016 _aYahya, Hârun |
||
| 245 |
_aThe miracle in the atom _cHârun, Yahya |
||
| 260 | _cc 2001 | ||
| 650 |
_95017 _aAtomic theory _x- |
||
| 942 |
_2ddc _cBK |
||
| 999 |
_c64236 _d64236 |
||